Les personnages de Pirates des Caraïbes - Statistiques

Statistiques générales
  • Ce quiz a été pris 777 fois
  • Le résultat moyen est 13 sur 36
Statistiques - réponses
Indices Personnage % Correct
Personnage principal, capitaine du Black Pearl Jack Sparrow
100%
Ancien second du personnage principal Hector Barbossa
88%
Forgeron qui devient pirate William Turner
88%
Amoureux de la déesse de la mer Davy Jones
83%
Sous chef du personnage principal Joshamee Gibbs
79%
Fille du gouverneur Elizabeth Swann
75%
Il était attaché à un canon au fond de l'océan avant de rejoindre l'équipage du Hollandais Volant Bill Turner
71%
Capitaine du Queen Anne's Revenge Barbe Noire
69%
Il cherche le trident de Poséidon pour libérer son père de la malédiction du Hollandais Volant Henry Turner
59%
Commodore fiancé à la fille du gouverneur James Norrington
59%
Sorcière mais également déesse Tia Dalma / Calypso
58%
"El matador del mar" Armando Salazar
56%
Au sommet de la Compagnie des Indes Cutler Beckett
48%
Gouverneur de Port-Royal Weatherby Swann
46%
Elle recherche la Fontaine de Jouvence Angelica
44%
Muet avec son perroquet Cotton
36%
Seigneur des pirates de Singapour Sao Feng
31%
Pirate avec un œil de bois Ragetti
28%
Gardien des clés du Code des Pirates Edward Teague Sparrow
26%
Pirate nain Marty
25%
Pirate petit, chauve et comique Pintel
25%
Sirène Syrena
25%
Orpheline qui recherche le trident de Poséidon Carina Smyth
15%
Femme pirate dont le personnage principal a volé le navire Anamaria
12%
Membre de la compagnie des Indes commandant du Hollandais volant qui meurt étouffé par des tentacules Mercer
12%
Pirate du Queen Anne's Revenge qui rejoins l'équipage du personnage principal Scrum
11%
Femme seigneur des pirages de l'Océan Pacifique Dame Ching
8%
Pirate à tête de requin marteau Maccus
5%
Amoureux de la sirène Philip Swift
5%
Femmes de joie qui veulent à tout prix gifler le personnage principal Giselle et Scarlette
4%
Seigneur des pirates de la Méditerranée François Chevalet
2%
Seigneur des pirates de l'océan Atlantique Jocard
2%
Soldat de la marine royale Mullroy et Murtogg
2%
Lieutenant de la Royal Navy abattu par les espagnols Théodore Groves
2%
Seigneur des pirates de la Mer Adriatique Villanueva
2%
Seigneur des pirates de la Mer Noir Ammand le Corsaire
1%
Aucun quiz correspondant
Distribution des résultats
% des personnes avec chaque résultat
Percentile par nombre de réponses
Votre historique - résultats
Vous n’avez pas pris ce quiz